| 000 | 00579naa a2200193 4500 | ||
|---|---|---|---|
| 001 | 136306 | ||
| 003 | ES-MaBCM | ||
| 005 | 20241016182927.0 | ||
| 008 | 060926s1997 esp|r0p 0 ||spa d | ||
| 021 | _axx | ||
| 035 | _a(OCoLC)1365208214 | ||
| 040 | _cES-MaBCM | ||
| 100 | 1 |
_aHarb, BenjamÃn _975519 |
|
| 245 | 1 | 3 |
_aLa justicia constitucional en Bolivia _cBenjamÃn Harb |
| 650 | 2 | 7 |
_aTribunales constitucionales _960535 |
| 651 | 2 | 4 |
_aBolivia _9115492 |
| 773 | 0 |
_aEn: _tAnuario iberoamericano de justicia constitucional _dMadrid _g(1997), p. [49]-55 _w105327 |
|
| 942 | _cAREV | ||
| 999 |
_c136306 _d136306 |
||